Historia de las expediciones de Alejandro
Збережено в:
| Автор: | |
|---|---|
| Формат: | Книга |
| Мова: | Іспанська |
| Опубліковано: |
Madrid
Luis Navarro
1883
|
| Серія: | Biblioteca Clásica, 58
|
| Предмети: | |
| Теги: |
Додати тег
Немає тегів, Будьте першим, хто поставить тег для цього запису!
|
MARC
| LEADER | 00000nam a2200000 a 4500 | ||
|---|---|---|---|
| 001 | UCP8941 | ||
| 003 | CL-VaPUC | ||
| 008 | 000317e18830000SP |||||||||||||||||spa|d | ||
| 082 | 0 | 4 | |a 938.1 |b ARR |2 21 |
| 100 | 0 | |a Arriano de Nicomedia, Flavio |e author |9 439217 | |
| 245 | 1 | 0 | |a Historia de las expediciones de Alejandro |
| 300 | |a 369 p | ||
| 942 | |c BK | ||
| 945 | |d 20000317 00:00:00 |a crobeson | ||
| 260 | |a Madrid |b Luis Navarro |c 1883 | ||
| 600 | 0 | |a Magno, Alejandro |9 318232 | |
| 650 | 0 | |a Historia antigua |9 267521 | |
| 650 | 0 | |a Civilizaciones antiguas |9 265998 | |
| 650 | 7 | |a EXPEDICIONES |2 CL-VaPUC |9 268484 | |
| 651 | 7 | |a MACEDONIA |2 CL-VaPUC |9 400582 | |
| 583 | |a last modification |c 20000317 00:00:00 |k Rodrigo Vera | ||
| 490 | 0 | |a Biblioteca Clásica, 58 | |
| 999 | |c 285797 |d 285795 | ||
| 952 | |0 0 |1 0 |4 0 |6 938_100000000000000_ARR_1883 |7 0 |8 X |9 330582 |a BIBHIS |b BIBHIS |d 2019-11-20 |i 139603K |o 938.1 ARR 1883 |p 139603K |r 2024-01-30 |w 2019-11-20 |y BK_X |k HIS | ||